Statistiken für Römisch-katholische Diözesen (Bistümer) in Deutschland (mit Karte)

Klicken Sie hier um das Quiz zu spielen!

Allgemein

  • Dieses Quiz wurde 264 mal gespielt
  • Das Durchschnittsergebnis liegt bei 21 aus 27

Antworten auf der Karte

Die Antworten werden auf der Karte rot bzw. grün angezeigt, abhängig davon wie oft sie richtig erraten wurden.
 

Antwortstatistiken

KirchenprovinzDiözese% Korrekt
BerlinBerlin
97%
KölnKöln
97%
München und FreisingMünchen und Freising
96%
Dresden-Meißen
95%
Rottenburg-Stuttgart
92%
FreiburgFreiburg
89%
HamburgHamburg
89%
Erfurt
88%
Magdeburg
88%
Mainz
88%
Aachen
86%
Trier
83%
Augsburg
82%
Münster
81%
Passau
79%
Regensburg
76%
Würzburg
75%
BambergBamberg
72%
Osnabrück
71%
Essen
70%
PaderbornPaderborn
66%
Fulda
65%
Limburg
65%
Görlitz
60%
Speyer
59%
Hildesheim
53%
Eichstätt
43%

Verteilung der Resultate

Perzentil nach korrekt beantworteten Fragen

Anzahl Personen mit jedem Resultat

Ihre Resultats-Entwicklung

Sie haben dieses Quiz noch nicht gespielt